Plymouth and South West Co-operative Society Ltd v Architecture, Structure and Management Ltd (Record no. 76993)
[ view plain ]
| 000 -LEADER | |
|---|---|
| fixed length control field | 02384cab a2200181 4500 |
| 001 - CONTROL NUMBER | |
| control field | ##L133418 |
| 008 - FIXED-LENGTH DATA ELEMENTS--GENERAL INFORMATION | |
| fixed length control field | 060508n2006 000 0 eng u |
| 035 ## - SYSTEM CONTROL NUMBER | |
| System control number | (Sirsi) u133418 |
| 041 0# - LANGUAGE CODE | |
| Language code of text/sound track or separate title | eng |
| 245 00 - TITLE STATEMENT | |
| Title | Plymouth and South West Co-operative Society Ltd v Architecture, Structure and Management Ltd |
| 260 ## - PUBLICATION, DISTRIBUTION, ETC. | |
| Date of publication, distribution, etc. | 2006 |
| 520 ## - SUMMARY, ETC. | |
| Summary, etc. | [2006] EWHC 5 (TCC) 10 January 2006. P appointed A to design and manage the refurbishment of its store. By the time the second-stage tender was issued, little or no design progress had been made, and the vast majority of the works remained as undefined provisional or prime cost sums. When P expressed concerns about this, A assured it that provisional sums would be monitored against actual expenditure, and if greater costs were being expended, savings would be made from other allowances. Because of the significant volume of provisional work, more than 7 500 variation instructions were issued, and substantial cost overruns occurred. P began proceedings, alleging that A had not acted with reasonable care and skill, in that, because of the provisional nature of the design, it should have advised P that there was no real prospect of delivering the project within budget. P also argued that A should have divided the work into two separate contracts, proceeding first with a contract for a unit for which a tenant had already been found and for which a design had been developed. "Held" splitting the contract into two had been both a commercial and technical possibility, and A was therefore in breach of its duty in not advising P to proceed on this basis. So far as the assessment of damages was concerned, there was an almost complete absence of documentation caused by A's default. In the circumstances, the quantum exercise carried out by P's experts, which turned upon the hypothetical evaluation of what cost would, or would not, have occurred had the project been divided, was a valid way of assessing the loss suffered by P. |
| 590 ## - LOCAL NOTE (RLIN) | |
| Local note | IKA090506 |
| 650 24 - SUBJECT ADDED ENTRY--TOPICAL TERM | |
| Topical term or geographic name entry element | PLYMOUTH AND SOUTH WEST CO-OPERATIVE SOCIETY LTD V ARCHITECTURE, STRUCTURE AND MANAGEMENT LTD |
| 690 ## - LOCAL SUBJECT ADDED ENTRY--TOPICAL TERM (OCLC, RLIN) | |
| Topical term or geographic name as entry element | MANAGEMENT-DISPUTE AVOIDANCE, MANAGEMENT AND RESOLUTION-DISPUTE MANAGEMENT AND RESOLUTION-ADVOCACY |
| 856 41 - ELECTRONIC LOCATION AND ACCESS | |
| Uniform Resource Identifier | <a href="https://www.bailii.org/cgi-bin/markup.cgi?doc=/ew/cases/EWHC/TCC/2006/5.html">https://www.bailii.org/cgi-bin/markup.cgi?doc=/ew/cases/EWHC/TCC/2006/5.html</a> |
| Public note | View the item free of charge at www.bailii.org... |
| 942 ## - ADDED ENTRY ELEMENTS (KOHA) | |
| Suppress in OPAC | 0 |
| Withdrawn status | Lost status | Source of classification or shelving scheme | Damaged status | Not for loan | Home library | Current library | Shelving location | Date acquired | Total Checkouts | Full call number | Barcode | Date last seen | Copy number | Price effective from | Koha item type |
|---|---|---|---|---|---|---|---|---|---|---|---|---|---|---|---|
| Dewey Decimal Classification | Virtual | Virtual | Online | 08/05/2006 | ONLINE PUBLICATION | 133418-1001 | 06/08/2019 | 1 | 06/08/2019 | Law report |